Customer Support System (Record no. 6145)
[ view plain ]
| 000 -LEADER | |
|---|---|
| fixed length control field | 00291nam a2200133Ia 4500 |
| 008 - FIXED-LENGTH DATA ELEMENTS--GENERAL INFORMATION | |
| fixed length control field | 221030s9999 xx 000 0 und d |
| 082 ## - DEWEY DECIMAL CLASSIFICATION NUMBER | |
| Classification number | 105.23 |
| 100 ## - MAIN ENTRY--AUTHOR NAME | |
| Personal name | Pranav Gupta/97 |
| 245 #0 - TITLE STATEMENT | |
| Title | Customer Support System |
| 250 ## - EDITION STATEMENT | |
| Edition statement | 2005 |
| 260 ## - PUBLICATION, DISTRIBUTION, ETC. (IMPRINT) | |
| Place of publication | Jammu |
| Year of publication | 2005 |
| 650 ## - SUBJECT ADDED ENTRY--TOPICAL TERM | |
| Topical Term | MCA |
| 942 ## - ADDED ENTRY ELEMENTS (KOHA) | |
| Koha item type | Thesis |
| Accession Number | Serial Enumeration / chronology | Full call number | Price effective from | Koha item type | Withdrawn / writtenoff status | Damaged status | Not for loan | Permanent Location | Current Location | Shelving location | Date acquired | Lost/ Missing status | department |
|---|---|---|---|---|---|---|---|---|---|---|---|---|---|
| MCA-42 | 1 | 105.23 | 10/30/2022 | Thesis | MIET Library, Jammu | MIET Library, Jammu | BL-Academic Block-b, FL-1, CUP-175, SH-1, R-1 | 07/24/2009 | MCA |